00935cam a2200289 a 45000010008000000030009000080050017000170080041000340100017000750200027000920250014001190400023001330430012001560500021001680820017001891000021002062450080002272600041003073000024003485000020003725040056003926100039004486500024004876500040005116510047005516510047005983446066BDDh-ASL20231015025719.0911002s1979 ii b 001 0 eng  a 91900976  z8185425309 :cRs250.00 aI E 64334 aDLCcDLCdBDDh-ASL aa-ii---00aDS479b.H38 199100a954220bHAN1 aHasan, Mushirul.10aNationalism and communal politics in India, 1885-1930 /cby Mushirul Hasan. aColumbia :bSouth Asia Books,c1979. ax, 372 p. ;c23 cm. aIncludes index. aIncludes bibliographical references (p. [311]-327).20aIndian National CongressxHistory. 0aNationalismzIndia. 0aMuslimsxPolitical activityzIndia. 0aIndiaxPolitics and governmenty1857-1919. 0aIndiaxPolitics and governmenty1919-1947.